Delhi : (Record no. 34561)

MARC details
000 -LEADER
fixed length control field 01385nam a2200313 a 4500
005 - DATE AND TIME OF LATEST TRANSACTION
control field 20100310135152.0
008 - FIXED-LENGTH DATA ELEMENTS--GENERAL INFORMATION
fixed length control field 010206s2000 ii ab b 001 0 eng
010 ## - LCCN (DPL NO)
LC control number B-379441
020 ## - INTERNATIONAL STANDARD BOOK NUMBER
International Standard Book Number 8173043663
Terms of availability 1100.00
035 ## - SYSTEM CONTROL NUMBER
System control number B-379441
037 ## - SOURCE OF ACQUISITION
Source of stock number/acquisition UBH
040 ## - CATALOGING SOURCE
Original cataloging agency dpl
Language of cataloging English
082 ## - DEWEY DECIMAL CLASSIFICATION NUMBER
Classification number 306.095416
245 ## - TITLE STATEMENT
Title Delhi :
Remainder of title urban space and human destinies /
Statement of responsibility, etc edited by Véronique Dupont, Emma Tarlo [and] Denis Vidal.
260 ## - PUBLICATION, DISTRIBUTION, ETC. (IMPRINT)
Place of publication, distribution, etc New Delhi
Name of publisher, distributor, etc Manohar Publishers & Distributors
Date of publication, distribution, etc 2000
270 ## - ADDRESS
Address 4753/23 Ansari Road, Daryaganj
City New Delhi
Postal code 110002
300 ## - PHYSICAL DESCRIPTION
Extent 261 p. :
Other physical details ill., maps ;
Dimensions 23 cm(Hb)
500 ## - GENERAL NOTE
General note "Centre de Sciences Humaines; Institut de recherche pour le développement."
504 ## - BIBLIOGRAPHY, ETC. NOTE
Bibliography, etc Includes bibliographical references and index.
650 ## - SUBJECT ADDED ENTRY--TOPICAL TERM
Topical term or geographic name as entry element Sociology, Urban
Geographic subdivision India
-- Delhi.
651 ## - SUBJECT ADDED ENTRY--GEOGRAPHIC NAME
Geographic name Delhi (India)
General subdivision Social conditions.
700 ## - ADDED ENTRY--PERSONAL NAME
Personal name Dupont, Véronique.
700 ## - ADDED ENTRY--PERSONAL NAME
Personal name Tarlo, Emma.
700 ## - ADDED ENTRY--PERSONAL NAME
Personal name Vital, D.
Fuller form of name (Denis)
710 ## - ADDED ENTRY--CORPORATE NAME
Corporate name or jurisdiction name as entry element Institut de recherche pour le développement (France)
942 ## - ADDED ENTRY ELEMENTS (KOHA)
Source of classification or shelving scheme Dewey Decimal Classification
Item type Punjabi Bks
Call number suffix DEL
Classification part 306.095416
Holdings
Withdrawn status Lost status Source of classification or shelving scheme Damaged status Not for loan Collection code Home library Current library Date acquired Source of acquisition Cost, normal purchase price Total Checkouts Full call number Barcode Date last seen Copy number Cost, replacement price Koha item type
    Dewey Decimal Classification   Not For Loan Reference Central Library Central Library 03/04/2010 UBH/245/24.2.10/178/23.2.10/24.2.10 1100.00   306.095416 DEL B-379441 03/04/2010 1 1100.00 English Books

© Delhi Public Library
Hit Counter
free hit counter